| 000 | 00566nam a2200205Ia 4500 | ||
|---|---|---|---|
| 003 | GCL | ||
| 008 | 140319s9999 xx 000 0 ara d | ||
| 040 |
_aGCL / _cGCL |
||
| 082 | 0 | 4 |
_a612 _bو ف |
| 100 | 1 | _aولكر, كنيت | |
| 245 | 1 | 0 |
_aفسيولوجيا الانسان / _cولكر, كنيت |
| 700 | 1 | _aفتحى مصطفى الفراوى | |
| 700 | 1 | _aمحمود حسنين | |
| 300 | _a233 ص | ||
| 490 |
_aالالف كتاب _v0 |
||
| 650 | 0 | 4 | _aفسيولوجيا |
| 650 | 0 | 4 | _aالامراض |
| 650 | 0 | 4 | _aجسم الانسان |
| 942 |
_2ddc _cBK |
||
| 999 |
_c45653 _d45653 |
||